| 000 | 00659 a2200193 4500 | ||
|---|---|---|---|
| 010 | _aENG-89993 | ||
| 020 |
_a8175154071 _c550.00 |
||
| 035 | _aEN-73526 | ||
| 037 | _bDBAD / PUB | ||
| 082 | 1 | 4 | _a621.69 |
| 090 |
_c12123 _d12123 |
||
| 100 | 1 | _aSrivastava, R.K. | |
| 245 | 1 |
_aPumps: _cby R.K. Srivastava _ba complete reference/ |
|
| 260 |
_aNew Delhi _bGalgotia Publications _c2003 |
||
| 270 |
_a5, Ansari Road, Darya Ganj _bNew Delhi _cDelhi _e110002 |
||
| 300 |
_axix, 324p.: _c28 cm (Hb.) _bcol. photos & ill. |
||
| 942 |
_adpl _cEN _k621.69 / SRI |
||
| 999 |
_c11769 _d11769 |
||